Os dois príncipes (Registo nº 1995)

Detalhes MARC
000 -Etiqueta do registo
Cabeçalho 00808nam a22002891 4500
005 - Identificador da versão
Campo de controlo 20240813121921.0
095 ## -
-- PTBN00026503
021 ## - Número do Depósito Legal
Código do país PT
100 ## - Dados gerais de processamento
Dados gerais de processamento 20070627d1984 cd y0pory5003 ba
102 ## - Pais de publicação ou produção
País de publicação Portugal
101 1# - Língua de publicação
Língua do texto, banda sonora, etc. Português
106 ## - Campo de dados codificados: material textual
Dados codificados do material textual r
105 ## - Campo de dados codificados: livros
Dados codificados dos livros a z 000fy
215 ## - Descrição física 
Indicação específica da natureza do documento e extensão da espécie [16] p.
Outras indicações físicas muito il.
Dimensões 25 cm
200 1# - Titulo e menção de responsabilidade
Título próprio Os dois príncipes
Primeira menção de responsabilidade J. e W. Grimm
225 2# - Colecção 
Título próprio da colecção Contos clássicos Editora
Indicação de volume 20
210 ## - Publicação, Distribuição, etc. 
Lugar da edição, distribuição, etc. Porto
Nome do editor, distribuidor, etc. Porto Editora
Data da publicação, distribuição, etc. imp. 1984
606 ## - Nome comum usado como assunto
Número de registo de entrada de autoridade 0000001
Palavra de ordem Literatura estrangeira infantil
Subdivisão de assunto Conto
675 ## - Classificação Decimal Universal (CDU)
Notação 82-34
Edição
Língua da edição por
701 #1 - Nome de autor-pessoa física (co-responsabilidade principal)
Palavra de ordem Grimm
Outra parte do nome não tomada para palavra de ordem Wilhelm Karl
Datas 1786-1859
Código de função Autor / Co-autor
700 #1 - Nome de autor-pessoa física (responsabilidade principal)
Número de registo de entrada de autoridade 0000607
Palavra de ordem Grimm
Outra parte do nome não tomada para palavra de ordem Jakob Ludwig Karl
Datas 1785-1863
942 ## - Elementos de entrada adicionados (Koha)
Tipo de item no Koha Livro
Exemplares
Situação do levantamento Origin of item (home branch) (coded) Biblioteca de empréstimo Código de barras Cota Circulation type (not for loan) Tipo de documento Nota do exemplar Damaged status
  Biblioteca Escolar da Coca Maravilhas Biblioteca Escolar da Coca Maravilhas BECM2877/95 8EST GRI   Livro Sem mensagem